00478nam a2200181Ia 450000500170000000800410001704000190005804100120007708200170008910000180010624500550012425000120017926000280019130000320021950400190025165000150027085000110028520240415150744.0131103s9999 xx 000 0 und d aLoreto College aEnglish a370.15 bAGG aAggarwal,J.C. aEssentials of Educational PsychologycJ.C.Aggarwal a1st ed. aNew DelhibVikas c1995 a581 p.b illus.,tables,fig. aIncludes index aPsychology aLCBED